[Event "RE-2011-0-00084"]
[Site "LSS email"]
[Date "2012.01.06"]
[Round "?"]
[White "Hall, Dick"]
[Black "Sasa, Vyacheslav"]
[Result "1-0"]
[WhiteElo "1511"]
[BlackElo "1270"]
[PlyCount "75"]
[EventDate "2011.12.12"]
[EventType "tourn (corr)"]
[EventRounds "6"]
[EventCountry "GER"]
[SourceTitle "Telechess CBM 157"]
[Source "ChessBase"]
[SourceDate "2013.11.12"]
[SourceVersion "1"]
[SourceVersionDate "2013.11.12"]
[SourceQuality "1"]

1. e4 c5 2. Nf3 d6 3. d4 cxd4 4. Nxd4 Nf6 5. Nc3 a6 6. Bg5 e6 7. f4 Qb6 8. Qd2 Qxb2 9. Rb1 Qa3 10. f5 Nc6 11. fxe6 fxe6 12. Nxc6 bxc6 13. Be2 Be7 14. 0-0 0-0 15. Rb3 Qc5+ 16. Be3 Qe5 17. Bd4 Qa5 18. Bb6 Qe5 19. Bd4 Qa5 20. Bb6 Qe5 21. Qd4 Qg5 22. Qd3 c5 23. Rbb1 Qe5 24. Bf3 Nd7 25. Ba5 c4 26. Qxc4 Qxa5 27. Qxe6+ Rf7 28. Nd5 Qc5+ 29. Kh1 Bf6 30. Rbd1 Ne5 31. Nxf6+ gxf6 32. Qxd6 Qxd6 33. Rxd6 Kg7 34. Bh5 Rc7 35. Rdxf6 Rb8 36. Be2 a5 37. Bd3 Rb2 38. a4 1-0

[Event "RE-2011-0-00084"]
[Site "LSS email"]
[Date "2012.01.06"]
[Round "?"]
[White "Sasa, Vyacheslav"]
[Black "Evtyugin, Yury Alekseevich"]
[Result "1-0"]
[WhiteElo "1270"]
[BlackElo "1051"]
[PlyCount "35"]
[EventDate "2011.12.12"]
[EventType "tourn (corr)"]
[EventRounds "6"]
[EventCountry "GER"]
[SourceTitle "Telechess CBM 157"]
[Source "ChessBase"]
[SourceDate "2013.11.12"]
[SourceVersion "1"]
[SourceVersionDate "2013.11.12"]
[SourceQuality "1"]

1. e4 c5 2. Nf3 Nc6 3. d4 cxd4 4. Nxd4 Nf6 5. Nc3 e5 6. Ndb5 d6 7. Bg5 a6 8. Na3 b5 9. Bxf6 gxf6 10. Nd5 Be6 11. c3 Bg7 12. Nc2 0-0 13. Nce3 Ne7 14. Bd3 Nxd5 15. exd5 Bd7 16. Qh5 h6 17. 0-0 Qe7 18. Nf5 1-0

[Event "OP-2011-0-01952"]
[Site "LSS email"]
[Date "2011.12.22"]
[Round "?"]
[White "Husemann, Andreas"]
[Black "Sasa, Vyacheslav"]
[Result "0-1"]
[WhiteElo "1993"]
[BlackElo "1270"]
[PlyCount "106"]
[EventDate "2011.12.19"]
[EventType "tourn (corr)"]
[EventRounds "4"]
[EventCountry "GER"]
[SourceTitle "Telechess CBM 155"]
[Source "ChessBase"]
[SourceDate "2013.07.16"]
[SourceVersion "1"]
[SourceVersionDate "2013.07.16"]
[SourceQuality "1"]

1. d4 Nf6 2. c4 e6 3. g3 d5 4. Bg2 dxc4 5. Nf3 a6 6. Ne5 Bb4+ 7. Nc3 Nd5 8. Bd2 Nb6 9. e3 N8d7 10. Nxd7 Qxd7 11. Ne4 a5 12. 0-0 Nd5 13. a3 Be7 14. Nc5 Qb5 15. Rc1 0-0 16. a4 Qe8 17. b3 cxb3 18. Qxb3 Ra7 19. Nd3 b6 20. Rfe1 Bd7 21. Ra1 Bc6 22. Rec1 Ba8 23. e4 Nf6 24. f3 Nd7 25. Be3 Nb8 26. Ra2 Nc6 27. Rac2 Nb4 28. Nxb4 Bxb4 29. Rxc7 Rxc7 30. Rxc7 Bc6 31. d5 Bxa4 32. Qa2 Qd8 33. Rc1 Bd7 34. e5 b5 35. Bf1 a4 36. Bd3 exd5 37. Qxd5 Be6 38. Qxb5 a3 39. Bxh7+ Kxh7 40. Qxb4 a2 41. Kf2 Qa8 42. Ra1 Rb8 43. Qd4 Kg8 44. Bd2 Rd8 45. Qb2 Rd3 46. Be3 Bb3 47. Qe2 Qd5 48. e6 fxe6 49. Qb2 Kh7 50. f4 Qh5 51. h4 Bd1 52. Rxd1 Qxd1 53. Qxa2 Rc3 0-1

[Event "OP-2011-0-01952"]
[Site "LSS email"]
[Date "2011.12.22"]
[Round "?"]
[White "Ustimenko, Aleksandr"]
[Black "Sasa, Vyacheslav"]
[Result "0-1"]
[WhiteElo "1541"]
[BlackElo "1270"]
[PlyCount "78"]
[EventDate "2011.12.19"]
[EventType "tourn (corr)"]
[EventRounds "4"]
[EventCountry "GER"]
[SourceTitle "Telechess CBM 155"]
[Source "ChessBase"]
[SourceDate "2013.07.16"]
[SourceVersion "1"]
[SourceVersionDate "2013.07.16"]
[SourceQuality "1"]

1. e4 c5 2. Nf3 d6 3. Bb5+ Nc6 4. d4 cxd4 5. Nxd4 Bd7 6. 0-0 Nf6 7. Nc3 g6 8. Nd5 Bg7 9. Nxf6+ Bxf6 10. Be3 Nxd4 11. Bxd7+ Qxd7 12. Bxd4 Bxd4 13. Qxd4 0-0 14. f4 Rac8 15. c3 b5 16. Qe3 a5 17. Rf3 b4 18. f5 Qb5 19. Qh6 Qc5+ 20. Kh1 Qe5 21. f6 exf6 22. Rh3 Rfe8 23. Rf1 bxc3 24. bxc3 Rxc3 25. Qxh7+ Kf8 26. Qh6+ Ke7 27. Rxc3 Qxc3 28. Qh4 Qe5 29. h3 Rc8 30. Rb1 Rc7 31. a4 Qd4 32. Kh2 Qxa4 33. Qf4 Qd4 34. Rb5 a4 35. Rd5 Qb4 36. Qf3 a3 37. e5 fxe5 38. Qg3 a2 39. Qg5+ f6 0-1

[Event "OP-2011-0-01924"]
[Site "LSS email"]
[Date "2011.12.07"]
[Round "?"]
[White "Sasa, Vyacheslav"]
[Black "Torfs, Gert"]
[Result "1-0"]
[WhiteElo "1296"]
[BlackElo "990"]
[PlyCount "33"]
[EventDate "2011.12.04"]
[EventType "tourn (corr)"]
[EventRounds "4"]
[EventCountry "GER"]
[SourceTitle "Corr 2015"]
[Source "ChessBase"]
[SourceDate "2015.07.17"]
[SourceVersion "1"]
[SourceVersionDate "2015.07.17"]
[SourceQuality "1"]

1. e4 e5 2. Nf3 Nc6 3. Bb5 a6 4. Ba4 b5 5. Bb3 h6 6. d4 exd4 7. 0-0 Bc5 8. c3 dxc3 9. Bxf7+ Kxf7 10. Qd5+ Ke8 11. Qxc5 cxb2 12. Bxb2 Qe7 13. Qc2 Nf6 14. Nc3 Kf7 15. Rae1 d6 16. Nd5 Be6 17. Nxe7 1-0

[Event "LSS ZN-2011-0-01747"]
[Site "LSS email"]
[Date "2011.10.31"]
[Round "?"]
[White "Seryakov, Alex"]
[Black "Sasa, Vyacheslav"]
[Result "1/2-1/2"]
[WhiteElo "1200"]
[BlackElo "800"]
[PlyCount "39"]
[EventDate "2011.10.29"]
[EventType "match (corr)"]
[EventRounds "2"]
[EventCountry "GER"]
[SourceTitle "Corr 2024"]
[Source "ChessBase"]
[SourceDate "2023.10.19"]
[SourceVersion "1"]
[SourceVersionDate "2023.10.19"]
[SourceQuality "1"]

1. e3 d5 2. d4 Nf6 3. Be2 Bf5 4. Nf3 h6 5. c4 e6 6. Nc3 Be7 7. 0-0 0-0 8. Re1 c6 9. Bd3 Be4 10. Bxe4 Nxe4 11. Qc2 Nxc3 12. Qxc3 Nd7 13. e4 dxe4 14. Rxe4 c5 15. Bf4 Nf6 16. Re2 cxd4 17. Nxd4 Rc8 18. Be5 Qb6 19. b3 Rfd8 20. Nf3 1/2-1/2

[Event "OP-2011-0-01832"]
[Site "LSS email"]
[Date "2011.10.22"]
[Round "?"]
[White "Sasa, Vyacheslav"]
[Black "Bester, Kazimierz"]
[Result "1-0"]
[WhiteElo "1151"]
[BlackElo "769"]
[PlyCount "59"]
[EventDate "2011.10.19"]
[EventType "tourn (corr)"]
[EventRounds "4"]
[EventCountry "GER"]
[SourceTitle "Telechess CBM 151"]
[Source "ChessBase"]
[SourceDate "2012.11.13"]
[SourceVersion "1"]
[SourceVersionDate "2012.11.13"]
[SourceQuality "1"]

1. d4 e6 2. e4 d6 3. Nf3 Nd7 4. Nc3 c5 5. dxc5 Nxc5 6. Bg5 f6 7. Bf4 e5 8. Be3 b6 9. Bb5+ Bd7 10. a4 a6 11. Bxd7+ Qxd7 12. b4 Ne6 13. Nd5 Rb8 14. c4 Ne7 15. Nxb6 Rxb6 16. Bxb6 Ng6 17. g3 Be7 18. b5 axb5 19. axb5 0-0 20. Qd5 Kh8 21. Ra8 Nc7 22. Bxc7 Qxc7 23. 0-0 h5 24. Rfa1 Bd8 25. R1a7 Qb6 26. Rb7 Qc5 27. Rxd8 Rxd8 28. Qf7 Rg8 29. Qxg6 Qxc4 30. Qxh5# 1-0